000 01792nkc a22002777a 4500
001 85837
005 20260429113640.0
007 kh bo
008 260427s19311935sp ||||| |||| |0| i|spa d
040 _aM-RABA
_bspa
_cM-RABA
100 1 _aMoreno, Vicente (
_d1895-1954)
_929028
245 1 1 _a[Esculturas de bulto redondo
_b: Siglo XX]
_c/ Moreno, Vicente
_h[Material gráfico]
260 _c[1931-1935]
300 _a3 fotografías
_b: reproducción fotomecánica
_c; 23 x 17 cm
500 0 0 _aConjunto de 3 fotografías que muestran tres esculturas del siglo XX de diferentes artistas.
500 0 0 _aAutoría tomada de de la Fot-799. Sello en tinta en el verso de la fotografía: "Fotografía de Arte Moreno. Plaza de las Cortes, 11. Madrid".
500 0 0 _aFechas tomadas de los años de actividad del taller en esa ubicación.
505 _aRapto de Ganímedes. Autor desconocido. (Fot-797) -- "Post nubila Phoebus". Fructuoso Orduna Lafuente (Fot-798) -- Podría tratarse de una escultura de Richard Scheibe (Fot-799)
655 7 _aFotografías de obras de arte
_975675
852 _jFot-797: Fot-798; Fot-799
856 _uhttps://archivoybiblioteca.realacademiabellasartessanfernando.com/cgi-bin/koha/opac-retrieve-file.pl?id=1555956159851f3fca07403a44ef8873
_yFot-797
856 _uhttps://archivoybiblioteca.realacademiabellasartessanfernando.com/cgi-bin/koha/opac-retrieve-file.pl?id=6faf1d2f2af3368cfe086404459faf61
_yFot-798
856 _uhttps://archivoybiblioteca.realacademiabellasartessanfernando.com/cgi-bin/koha/opac-retrieve-file.pl?id=ae39f070a8ddd97560dd5fc5867a829a
_yFot-799r
856 _uhttps://archivoybiblioteca.realacademiabellasartessanfernando.com/cgi-bin/koha/opac-retrieve-file.pl?id=1cd34b97103e60c5a4badb79ae6c6dbc
_yFot-799v
942 _cFOTOGRAFÍA
_n0
999 _c85837
_d85837